Smerovanie výskumu cestovného ruchu na Slovensku

V roku 1989 došlo k zániku rezortných výskumných ústavov, ktoré sa zaoberali výskumom cestovného ruchu a ťažisko vedeckého výskumu sa prenieslo na akademickú pôdu. Výskum cestovného ruchu sa na Slovensku v súčasnosti uskutočňuje na fakultách, ktoré majú študijné programy zamerané na cestovný ruch a...

Ausführliche Beschreibung

Gespeichert in:
Bibliographische Detailangaben
1. Verfasser: Gúčik, Marián
Format: Buchkapitel
Sprache:Slowakisch
Englisch
Schlagworte:
Tags: Tag hinzufügen
Keine Tags, Fügen Sie das erste Tag hinzu!

MARC

LEADER 00000naa a2200000 4500
001 0277317
005 20210719122911.8
041 0 |a slo 
041 0 |a eng 
044 |a SK 
245 1 0 |a Smerovanie výskumu cestovného ruchu na Slovensku  |c Marian Gúčik 
520 |a V roku 1989 došlo k zániku rezortných výskumných ústavov, ktoré sa zaoberali výskumom cestovného ruchu a ťažisko vedeckého výskumu sa prenieslo na akademickú pôdu. Výskum cestovného ruchu sa na Slovensku v súčasnosti uskutočňuje na fakultách, ktoré majú študijné programy zamerané na cestovný ruch a na ďalších fakultách s rozličným odborným zameraním. 
610 2 0 |a ruch cestovný 
610 2 0 |a výskum 
610 2 0 |a pracovisko 
610 2 0 |a školy vysoké 
610 2 0 |a univerzity 
610 2 0 |a projekty 
610 2 0 |a Slovensko 
100 1 |a Gúčik, Marián